000 00756nam a2200289Ia 4500
005 20260324140254.0
008 008 260324s9999 xx 000 0 eng d
020 _a9781315860473
037 _aEBOOK
040 _aCRL
040 _beng
040 _cCRL
041 _2eng
041 _aeng
084 _qCRL
100 _aThomas Willard
_91203767
245 0 _aJean D'Espagnet's The Summary of Physics Restored (Enchyridion Physicae Restitutae)
245 4 _bThe 1651 Translation with D'Espagnet's Arcanum (1650)
260 _bTaylor and Francis
260 _c1999
365 _a
365 _b230
856 _uhttp://www.taylorfrancis.com/books/9781315860473
942 _cEBOOK
999 _c1805674
_d1805674